[Event "Ontario op"]
[Site "Toronto CAN"]
[Date "2010.05.22"]
[Round "2"]
[White "Sambuev, Bator"]
[Black "Aronov, Yuri"]
[Result "1/2-1/2"]
[WhiteElo "2612"]
[BlackElo "2266"]
[PlyCount "83"]
[EventDate "2010.05.22"]
[EventType "swiss"]
[EventRounds "6"]
[EventCountry "CAN"]

1. d4 Nf6 2. c4 g6 3. Nc3 Bg7 4. e4 d6 5. Nf3 O-O 6. Be2 e5 7. O-O Nc6 8. d5
Ne7 9. Ne1 Nd7 10. Be3 f5 11. f3 f4 12. Bf2 g5 13. Rc1 Ng6 14. c5 Nxc5 15. b4
Na6 16. Nd3 Rf7 17. Nb5 b6 18. Be1 Bf6 19. Nf2 Qf8 20. Qa4 Bd8 21. Nxd6 cxd6
22. Bxa6 b5 23. Bxb5 Bb6 24. Rc6 Rb8 25. Be2 g4 26. fxg4 f3 27. Bxf3 Rxf3 28.
gxf3 Nh4 29. Rxb6 Rxb6 30. Nd3 Nxf3+ 31. Kg2 Bxg4 32. Qxa7 Nxe1+ 33. Kg1 Nf3+
34. Kg2 Rxb4 35. Nxb4 Qf4 36. Rxf3 Qxf3+ 37. Kg1 Qd1+ 38. Kg2 Qf3+ 39. Kg1 Qd1+
40. Kg2 Qd2+ 41. Qf2 Qxb4 42. Qe3 1/2-1/2

[Event "Ontario op"]
[Site "Toronto CAN"]
[Date "2010.05.22"]
[Round "2"]
[White "Sapozhnikov, Roman"]
[Black "Gelis, Paul"]
[Result "1/2-1/2"]
[WhiteElo "2436"]
[BlackElo "2198"]
[PlyCount "44"]
[EventDate "2010.05.22"]
[EventType "swiss"]
[EventRounds "6"]
[EventCountry "CAN"]

1. e4 c5 2. Nf3 Nc6 3. Bb5 g6 4. O-O Bg7 5. c3 Nf6 6. Qe2 O-O 7. Rd1 d5 8. e5
Ne8 9. h3 Nc7 10. Bxc6 bxc6 11. d3 Ne6 12. Ng5 Qc7 13. Nxe6 Bxe6 14. Re1 a5 15.
a4 Rab8 16. Qe3 Rfd8 17. Nd2 d4 18. cxd4 cxd4 19. Qg3 c5 20. Nf3 h6 21. Qh4 g5
22. Qe4 Bd5 1/2-1/2

[Event "Ontario op"]
[Site "Toronto CAN"]
[Date "2010.05.22"]
[Round "2"]
[White "Tonakanian, Stephan"]
[Black "Drkulec, Vladimir"]
[Result "1-0"]
[WhiteElo "2008"]
[BlackElo "2157"]
[PlyCount "101"]
[EventDate "2010.05.22"]
[EventType "swiss"]
[EventRounds "6"]
[EventCountry "CAN"]

1. d4 Nf6 2. Nf3 g6 3. c4 Bg7 4. g3 O-O 5. Bg2 d5 6. O-O dxc4 7. Nc3 c5 8. d5
Bf5 9. Ne5 Qc8 10. Nxc4 Bh3 11. e4 Bxg2 12. Kxg2 b5 13. Nd2 b4 14. Ne2 Nbd7 15.
Qc2 Qb7 16. f3 a5 17. Nc4 Rfc8 18. Bg5 h6 19. Be3 Ne8 20. Qd2 Kh7 21. Bf4 Qa6
22. Rac1 g5 23. Be3 Nd6 24. b3 a4 25. Qd3 Kg8 26. f4 axb3 27. axb3 Nxc4 28.
Qxc4 Qxc4 29. Rxc4 Ra2 30. Rf2 gxf4 31. gxf4 Rca8 32. Bxc5 Nxc5 33. Rxc5 Rb2
34. Rc7 Raa2 35. Kf3 Rxb3+ 36. Kg2 Rbb2 37. Kf3 Ra3+ 38. Kg2 Bf6 39. e5 Bh4 40.
Ng3 Rxf2+ 41. Kxf2 Ra2+ 42. Kf3 Rxh2 43. Nf5 b3 44. Nxh4 Rxh4 45. Rxe7 Rh2 46.
Re8+ Kg7 47. Rb8 h5 48. d6 b2 49. Rb7 Kg6 50. Ke3 h4 51. d7 1-0

[Event "Ontario op"]
[Site "Toronto CAN"]
[Date "2010.05.22"]
[Round "2"]
[White "Wang, Jesse BJ"]
[Black "Kryvoruchko, Yuriy"]
[Result "1/2-1/2"]
[WhiteElo "2053"]
[BlackElo "2174"]
[PlyCount "39"]
[EventDate "2010.05.22"]
[EventType "swiss"]
[EventRounds "6"]
[EventCountry "CAN"]

1. e4 c5 2. Nc3 d6 3. f4 Nc6 4. Nf3 g6 5. Bc4 Bg7 6. O-O e6 7. d3 Nge7 8. Qe1
O-O 9. f5 gxf5 10. Bg5 f6 11. Bh4 fxe4 12. dxe4 Ng6 13. Rd1 Nce5 14. Nxe5 Nxe5
15. Be2 Qe7 16. Nb5 Rd8 17. Qg3 Ng6 18. Rxd6 Nxh4 19. Rxd8+ Qxd8 20. Qxh4
1/2-1/2

[Event "Ontario op"]
[Site "Toronto CAN"]
[Date "2010.05.22"]
[Round "2"]
[White "Wight, Keith"]
[Black "Florea, Alexandru"]
[Result "0-1"]
[WhiteElo "1975"]
[BlackElo "2050"]
[PlyCount "86"]
[EventDate "2010.05.22"]
[EventType "swiss"]
[EventRounds "6"]
[EventCountry "CAN"]

1. e4 c5 2. Nf3 d6 3. d4 cxd4 4. Nxd4 Nf6 5. Nc3 g6 6. Be3 Bg7 7. f3 O-O 8. Qd2
Nc6 9. O-O-O d5 10. exd5 Nxd5 11. Nxc6 bxc6 12. Bd4 Bxd4 13. Qxd4 Qb6 14. Na4
Qa5 15. b3 Bf5 16. g4 Be6 17. h4 Rad8 18. Qc5 Qc7 19. Kb1 Qf4 20. Be2 Ne3 21.
Rxd8 Rxd8 22. h5 Nd5 23. hxg6 fxg6 24. Rd1 Qe5 25. Bd3 Qc7 26. Be4 Rc8 27. g5
Nb6 28. Nc3 Kf7 29. Ne2 Nd5 30. Rh1 Kg8 31. Bxg6 hxg6 32. Qd4 Kf7 33. c4 c5 34.
Rh7+ Ke8 35. Qg7 Bf5+ 36. Kb2 Nb4 37. Nf4 Rd8 38. Nd5 Nxd5 39. Qg8+ Kd7 40.
Qxd5+ Qd6 41. Qb7+ Ke6 42. Qxa7 Qd2+ 43. Ka3 Qb4+ 0-1

[Event "Ontario op"]
[Site "Toronto CAN"]
[Date "2010.05.23"]
[Round "3"]
[White "Aronov, Yuri"]
[Black "Sapozhnikov, Roman"]
[Result "0-1"]
[WhiteElo "2266"]
[BlackElo "2436"]
[PlyCount "137"]
[EventDate "2010.05.22"]
[EventType "swiss"]
[EventRounds "6"]
[EventCountry "CAN"]

1. c4 Nf6 2. Nc3 g6 3. g3 Bg7 4. Bg2 d6 5. Nf3 O-O 6. O-O e5 7. d3 Nc6 8. Rb1
a5 9. a3 Nd4 10. Nd2 c6 11. e3 Nf5 12. Nde4 Nxe4 13. dxe4 Ne7 14. Qd3 Be6 15.
b3 Qd7 16. a4 Rad8 17. Ba3 Rfe8 18. Rbd1 Nc8 19. Rd2 Qc7 20. Rfd1 Rd7 21. h4 h5
22. Kh2 Bf8 23. Bh3 Bxh3 24. Kxh3 Be7 25. Qc2 Rdd8 26. Kg2 Rf8 27. Ne2 b6 28.
Ng1 Qd7 29. Qd3 Qe6 30. Bb2 Qg4 31. f3 Qe6 32. Nh3 f6 33. Nf2 Kg7 34. f4 Kh7
35. Qe2 Qf7 36. g4 exf4 37. exf4 hxg4 38. Qxg4 f5 39. Qh3 Bf6 40. Bxf6 Qxf6 41.
exf5 gxf5 42. Qf3 Rg8+ 43. Kh3 Rg6 44. Qxc6 Rh6 45. Kg2 Rg8+ 46. Kf1 Qg7 47.
Qf3 Rxh4 48. Rd5 Qg6 49. Ke2 Re8+ 50. Kd2 Qf6 51. Rh1 Qb2+ 52. Kd1 Qb1+ 53. Kd2
Rxh1 54. Qxh1+ Qxh1 55. Nxh1 Kg6 56. Ng3 Rf8 57. Ke3 Rf6 58. Rd1 Ne7 59. Kf3
Nc6 60. Rd3 Re6 61. Ne2 Nb4 62. Re3 Rf6 63. Nd4 Kf7 64. Nb5 Rh6 65. Re1 Rh3+
66. Kg2 Rxb3 67. Nxd6+ Kf6 68. Re5 Nc6 69. Rxf5+ 0-1

[Event "Ontario op"]
[Site "Toronto CAN"]
[Date "2010.05.23"]
[Round "3"]
[White "Drkulec, Vladimir"]
[Black "Wight, Keith"]
[Result "0-1"]
[WhiteElo "2157"]
[BlackElo "1975"]
[PlyCount "80"]
[EventDate "2010.05.22"]
[EventType "swiss"]
[EventRounds "6"]
[EventCountry "CAN"]

1. d4 Nf6 2. c4 c5 3. d5 b5 4. cxb5 a6 5. bxa6 g6 6. g3 Bg7 7. Bg2 d6 8. Nf3
O-O 9. O-O Bxa6 10. Nc3 Nbd7 11. Re1 Qa5 12. Bd2 Rfb8 13. Qc2 Qb4 14. Rab1 Qb7
15. b3 Ne8 16. e4 Ne5 17. Nxe5 Bxe5 18. h3 Nc7 19. a4 Qb6 20. Be3 Qb4 21. Na2
Qa5 22. Rec1 Bc8 23. f4 Bg7 24. Kh2 Bd7 25. Bd2 Qa7 26. Bc3 Nb5 27. Bxg7 Kxg7
28. axb5 Qxa2 29. Qc3+ Kg8 30. Ra1 Qe2 31. b6 Rxa1 32. Rxa1 Bxh3 33. Qf3 Qb2
34. Ra7 Bxg2 35. Qxg2 Qxb3 36. Rxe7 Rxb6 37. e5 Qd1 38. g4 Qc1 39. Kg3 Rb3+ 40.
Kh4 Qxf4 0-1

[Event "Ontario op"]
[Site "Toronto CAN"]
[Date "2010.05.23"]
[Round "3"]
[White "Filipovich, David"]
[Black "Tonakanian, Stephan"]
[Result "1-0"]
[WhiteElo "2226"]
[BlackElo "2008"]
[PlyCount "86"]
[EventDate "2010.05.22"]
[EventType "swiss"]
[EventRounds "6"]
[EventCountry "CAN"]

1. Nf3 d5 2. g3 Nf6 3. Bg2 b6 4. O-O Bb7 5. d4 e6 6. c4 Be7 7. cxd5 Nxd5 8. Nc3
O-O 9. Re1 c5 10. e4 cxd4 11. Nxd5 exd5 12. e5 Nc6 13. Nxd4 Nxd4 14. Qxd4 Rc8
15. Bf4 Bc5 16. Qd2 Qe7 17. a3 b5 18. Be3 h6 19. Rad1 Rfd8 20. b4 Bxe3 21. Qxe3
a6 22. Rd4 Rc4 23. Red1 Qe6 24. Bf1 Rc7 25. Bg2 Re7 26. Qb3 Qxe5 27. Bxd5 Red7
28. Bxf7+ Kh7 29. Rxd7 Rxd7 30. Bh5 Re7 31. Bf3 Bc8 32. Rd5 Qe1+ 33. Kg2 Bb7
34. Qd3+ g6 35. Rd6 Bxf3+ 36. Qxf3 a5 37. bxa5 Qxa5 38. Qf8 Qe1 39. Rd8 Qe4+
40. Kh3 Qf5+ 41. Qxf5 gxf5 42. Rd5 Kg6 43. Rxb5 Ra7 1-0

[Event "Ontario op"]
[Site "Toronto CAN"]
[Date "2010.05.23"]
[Round "3"]
[White "Gusev, Nikita"]
[Black "Gelis, Paul"]
[Result "0-1"]
[WhiteElo "2274"]
[BlackElo "2198"]
[PlyCount "76"]
[EventDate "2010.05.22"]
[EventType "swiss"]
[EventRounds "6"]
[EventCountry "CAN"]

1. e4 c6 2. b3 d5 3. exd5 cxd5 4. Bb2 Nc6 5. Nf3 Bg4 6. Be2 e6 7. O-O Nf6 8. h3
Bxf3 9. Bxf3 Be7 10. Re1 O-O 11. d4 Rc8 12. a3 b5 13. c3 a5 14. a4 bxa4 15.
Rxa4 Nd7 16. Nd2 Nb6 17. Ra1 Qc7 18. Qe2 Rfd8 19. Rac1 Bg5 20. Ra1 Ra8 21. c4
Qf4 22. cxd5 exd5 23. Qb5 Qxd2 24. Qxc6 Qxb2 25. Qxb6 Rab8 26. Qxa5 Bd2 27. Qc7
Bxe1 28. Rxe1 Qxd4 29. Re7 Rbc8 30. Rd7 Qf6 31. Qb7 Rxd7 32. Qxd7 Rd8 33. Qb5
d4 34. Qd3 g6 35. b4 Rc8 36. b5 Rc3 37. Qd2 Rb3 38. Bc6 d3 0-1

[Event "Ontario op"]
[Site "Toronto CAN"]
[Date "2010.05.23"]
[Round "3"]
[White "Kleinman, Michael"]
[Black "Orlova, Yelizaveta"]
[Result "0-1"]
[WhiteElo "2232"]
[BlackElo "2028"]
[PlyCount "80"]
[EventDate "2010.05.22"]
[EventType "swiss"]
[EventRounds "6"]
[EventCountry "CAN"]

1. e4 c5 2. Nc3 a6 3. Nge2 b5 4. g3 Bb7 5. Bg2 e6 6. O-O Nf6 7. e5 Bxg2 8. Kxg2
Ng4 9. f4 d5 10. d4 Qb6 11. f5 Nd7 12. fxe6 fxe6 13. Nf4 Nh6 14. Qh5+ g6 15.
Nxg6 hxg6 16. Qxg6+ Kd8 17. Rxf8+ Rxf8 18. Bxh6 Re8 19. Ne2 cxd4 20. Rd1 Kc7
21. Nxd4 Rac8 22. Qf7 a5 23. Rd3 b4 24. a4 bxa3 25. Rc3+ Kb8 26. Rb3 axb2 27.
Rxb6+ Nxb6 28. Nb5 Rxc2+ 29. Kh3 Nc8 30. Na3 Re7 31. Qf1 Rb7 32. Qb1 Rc3 33.
Bf8 d4 34. Qa2 Rxa3 35. Qxa3 b1=Q 36. Bd6+ Nxd6 37. Qxd6+ Ka7 38. Qxd4+ Qb6 39.
Qe4 Qf2 40. Qg6 Qf5+ 0-1

[Event "Ontario op"]
[Site "Toronto CAN"]
[Date "2010.05.23"]
[Round "3"]
[White "Kryvoruchko, Yuriy"]
[Black "Kagramanov, Dalia"]
[Result "1/2-1/2"]
[WhiteElo "2174"]
[BlackElo "2012"]
[PlyCount "50"]
[EventDate "2010.05.22"]
[EventType "swiss"]
[EventRounds "6"]
[EventCountry "CAN"]

1. e4 c5 2. Nf3 d6 3. d4 cxd4 4. Nxd4 Nf6 5. Nc3 Nc6 6. Bc4 e6 7. Be3 Be7 8.
Qe2 a6 9. O-O-O Qc7 10. Bb3 O-O 11. Rhg1 b5 12. a3 Bb7 13. f3 Na5 14. Ba2 Nc4
15. Bxc4 bxc4 16. g4 Nd7 17. g5 Nb6 18. f4 d5 19. e5 Nd7 20. h4 Qa5 21. Qe1 g6
22. Nxd5 Qxd5 23. Nf5 exf5 24. Rxd5 Bxd5 25. Qd2 Be6 1/2-1/2

[Event "Ontario op"]
[Site "Toronto CAN"]
[Date "2010.05.23"]
[Round "3"]
[White "Mahoney, Ian"]
[Black "Barrios, Felix"]
[Result "1/2-1/2"]
[WhiteElo "1704"]
[BlackElo "2174"]
[PlyCount "48"]
[EventDate "2010.05.22"]
[EventType "swiss"]
[EventRounds "6"]
[EventCountry "CAN"]

1. d4 Nf6 2. c4 a6 3. Nc3 c5 4. Nf3 e6 5. Bg5 cxd4 6. Nxd4 Nc6 7. Nxc6 bxc6 8.
g3 Bc5 9. e3 h6 10. Bxf6 Qxf6 11. Bg2 Rb8 12. Rb1 Bb4 13. Rc1 Bxc3+ 14. bxc3
O-O 15. O-O Qe5 16. Qd2 Qc5 17. Qd3 Qa5 18. Rc2 c5 19. Qe4 Qc7 20. Rd2 Rd8 21.
Rb1 d6 22. Rdb2 Bd7 23. Rxb8 Rxb8 24. Rb7 Qc8 1/2-1/2

[Event "Ontario op"]
[Site "Toronto CAN"]
[Date "2010.05.23"]
[Round "3"]
[White "Plotkin, Victor"]
[Black "Doubleday, William"]
[Result "1-0"]
[WhiteElo "2422"]
[BlackElo "2201"]
[PlyCount "72"]
[EventDate "2010.05.22"]
[EventType "swiss"]
[EventRounds "6"]
[EventCountry "CAN"]

1. e4 c5 2. Nc3 Nc6 3. g3 g6 4. Bg2 Bg7 5. d3 e6 6. f4 Nge7 7. Nf3 O-O 8. O-O
Rb8 9. Be3 d6 10. a4 a6 11. Qd2 Qc7 12. Kh1 b5 13. axb5 axb5 14. d4 b4 15. Ne2
cxd4 16. Nexd4 Rd8 17. Rfd1 Na5 18. b3 Bb7 19. Nb5 Bxa1 20. Nxc7 Bc3 21. Qf2
Bxe4 22. Bb6 Nac6 23. Na6 Rxb6 24. Qxb6 Bxc2 25. Rc1 Bd3 26. Ne1 Bd4 27. Qxd8+
Nxd8 28. Nxd3 d5 29. Naxb4 Kf8 30. Ne5 Ke8 31. Bf1 f6 32. Bb5+ Kf8 33. Nbc6
Ndxc6 34. Nxc6 Bb6 35. Nxe7 Kxe7 36. Rc6 Bd8 1-0

[Event "Ontario op"]
[Site "Toronto CAN"]
[Date "2010.05.23"]
[Round "3"]
[White "Tang, Leslie"]
[Black "Southam, David"]
[Result "0-1"]
[WhiteElo "1612"]
[BlackElo "2119"]
[PlyCount "82"]
[EventDate "2010.05.22"]
[EventType "swiss"]
[EventRounds "6"]
[EventCountry "CAN"]

1. d4 e6 2. c4 f5 3. Nf3 Nf6 4. Nc3 Bb4 5. e3 Ne4 6. Bd2 Bxc3 7. Bxc3 Nxc3 8.
bxc3 b6 9. g3 Bb7 10. Bg2 O-O 11. O-O Qe7 12. Re1 d6 13. d5 e5 14. Nd2 Nd7 15.
e4 f4 16. Bh3 Rae8 17. Qa4 Nc5 18. Qc2 Rf6 19. Nb3 Nd7 20. a4 a5 21. Rab1 Bc8
22. Nd2 Ref8 23. Bf5 g6 24. Be6+ Kh8 25. g4 f3 26. Re3 Rf4 27. Qd1 Nc5 28. Bxc8
Rxc8 29. Rxf3 Rxg4+ 30. Rg3 Rf4 31. f3 Rcf8 32. Qc2 Qe8 33. Rb5 Nd7 34. Rb1 Qe7
35. Rf1 Nf6 36. Qb2 Nh5 37. Rg2 Rh4 38. Kh1 Qd7 39. Qa2 Qh3 40. Rff2 Nf4 41.
Rg3 Qxg3 0-1

[Event "Ontario op"]
[Site "Toronto CAN"]
[Date "2010.05.23"]
[Round "3"]
[White "Wang, Jesse BJ"]
[Black "Grigorescu, Laurentiu"]
[Result "0-1"]
[WhiteElo "2053"]
[BlackElo "2004"]
[PlyCount "105"]
[EventDate "2010.05.22"]
[EventType "swiss"]
[EventRounds "6"]
[EventCountry "CAN"]

1. e4 e5 2. Nf3 Nc6 3. Bb5 a6 4. Ba4 d6 5. O-O Bd7 6. c3 Nge7 7. d3 Ng6 8. Re1
Be7 9. Nbd2 h6 10. Nf1 Bg5 11. Bxc6 Bxc6 12. Nxg5 hxg5 13. Qg4 f6 14. Qe6+ Kf8
15. Ng3 Bd7 16. Qd5 Qc8 17. d4 Be6 18. Qa5 Nf4 19. dxe5 dxe5 20. Be3 b6 21.
Qb4+ Kf7 22. Rad1 g6 23. a4 a5 24. Qb5 Qe8 25. c4 Rb8 26. Qxe8+ Rhxe8 27. b3
Red8 28. Bxf4 gxf4 29. Ne2 Ke7 30. Kf1 g5 31. f3 Rh8 32. h3 Rbd8 33. Nc3 c6 34.
Ke2 Rd6 35. Rxd6 Kxd6 36. Kd3 Kc5 37. Rd1 Rd8+ 38. Kc2 Rd4 39. Rh1 Rd7 40. Rd1
Rxd1 41. Kxd1 f5 42. Kc2 Kd4 43. Kd2 Kc5 44. Kc2 Kd6 45. Kd3 Ke7 46. Ke2 g4 47.
hxg4 fxg4 48. Nd1 b5 49. axb5 cxb5 50. cxb5 gxf3+ 51. gxf3 Bxb3 52. Nc3 Kd6 53.
Kd2 0-1

[Event "Ontario op"]
[Site "Toronto CAN"]
[Date "2010.05.23"]
[Round "4"]
[White "Doubleday, William"]
[Black "Mahoney, Ian"]
[Result "1-0"]
[WhiteElo "2201"]
[BlackElo "1704"]
[PlyCount "103"]
[EventDate "2010.05.22"]
[EventType "swiss"]
[EventRounds "6"]
[EventCountry "CAN"]

1. d4 d5 2. c4 e6 3. Nc3 c5 4. cxd5 exd5 5. Nf3 Nc6 6. Bg5 Be7 7. Bxe7 Ngxe7 8.
e3 Qb6 9. Bb5 cxd4 10. Nxd4 O-O 11. O-O Nxd4 12. Qxd4 Qxd4 13. exd4 Be6 14.
Rfd1 Rfc8 15. a3 Nf5 16. Bd3 Nd6 17. f3 Nc4 18. Bxc4 Rxc4 19. Rd2 Rac8 20. Re1
Kf8 21. Re5 Rd8 22. Kf2 Rd6 23. g4 f6 24. Re3 Bf7 25. f4 b6 26. Kf3 Rd7 27. f5
Rc8 28. h4 Re7 29. Rde2 Rd7 30. Kf4 Rc4 31. Rd2 Rd6 32. Re1 Be8 33. Ke3 b5 34.
Kd3 b4 35. axb4 Rxb4 36. Rde2 Rb8 37. Ra1 Rb7 38. Ra5 Rdb6 39. Re6 Bf7 40. Rxb6
Rxb6 41. Rb5 Ke7 42. Rxb6 axb6 43. Na4 b5 44. Nc3 b4 45. Na2 b3 46. Nc1 h5 47.
Ke3 hxg4 48. Kf4 g6 49. Kxg4 gxf5+ 50. Kxf5 Bh5 51. Nxb3 Bf3 52. Nc5 1-0

[Event "Ontario op"]
[Site "Toronto CAN"]
[Date "2010.05.23"]
[Round "4"]
[White "Gelis, Paul"]
[Black "Henry, Liam"]
[Result "1/2-1/2"]
[WhiteElo "2198"]
[BlackElo "2295"]
[PlyCount "80"]
[EventDate "2010.05.22"]
[EventType "swiss"]
[EventRounds "6"]
[EventCountry "CAN"]

1. d4 Nf6 2. Nf3 g6 3. Bg5 Bg7 4. c3 d5 5. Nbd2 O-O 6. e3 b6 7. Bd3 Bb7 8. O-O
c5 9. Qe2 Ne4 10. Bf4 Nd7 11. h3 f6 12. Nxe4 dxe4 13. Bc4+ Kh8 14. Nd2 g5 15.
Bh2 f5 16. f4 gxf4 17. Bxf4 e5 18. dxe5 Nxe5 19. Rad1 Qe7 20. Qh5 Qf6 21. Bxe5
Qxe5 22. Rf4 Rad8 23. Nf1 Rxd1 24. Qxd1 Bc6 25. g4 fxg4 26. Rxf8+ Bxf8 27. Qxg4
Qg7 28. Ng3 Qxg4 29. hxg4 Kg7 30. Be6 Kf6 31. Bf5 Kg5 32. Kg2 h6 33. Kh3 Bd6
34. Nxe4+ Bxe4 35. Bxe4 h5 36. gxh5 Kxh5 37. c4 Kg5 38. Kg2 Kf6 39. Kf3 Be5 40.
b3 Bb2 1/2-1/2

[Event "Ontario op"]
[Site "Toronto CAN"]
[Date "2010.05.23"]
[Round "4"]
[White "Kagramanov, Dalia"]
[Black "Drkulec, Vladimir"]
[Result "1/2-1/2"]
[WhiteElo "2012"]
[BlackElo "2157"]
[PlyCount "79"]
[EventDate "2010.05.22"]
[EventType "swiss"]
[EventRounds "6"]
[EventCountry "CAN"]

1. e4 e5 2. Nf3 Nc6 3. d4 exd4 4. Nxd4 Bc5 5. Be3 Qf6 6. c3 Nge7 7. Bc4 Ne5 8.
Be2 Qg6 9. O-O h5 10. Nd2 d5 11. Bf3 Nxf3+ 12. Qxf3 Bg4 13. Qf4 Bh3 14. Qg5
Qxg5 15. Bxg5 Bxd4 16. cxd4 Be6 17. e5 Nf5 18. Nb3 b6 19. Rac1 Kd7 20. Rc3 Rac8
21. Rd1 c6 22. a4 a5 23. h3 h4 24. Kh2 Rh5 25. Bd2 Ne7 26. Rf3 Rf5 27. Rf4 Ng6
28. Rxf5 Bxf5 29. Rc1 Rh8 30. Rc3 Nf8 31. Nc1 Ne6 32. Ne2 Bb1 33. Rf3 Bg6 34.
Ra3 Ra8 35. Rb3 Kc7 36. Rc3 Kd7 37. Be3 Rh8 38. Ng1 Bh5 39. f3 g5 40. Ne2
1/2-1/2

[Event "Ontario op"]
[Site "Toronto CAN"]
[Date "2010.05.23"]
[Round "4"]
[White "Orlova, Yelizaveta"]
[Black "Grigorescu, Laurentiu"]
[Result "0-1"]
[WhiteElo "2028"]
[BlackElo "2004"]
[PlyCount "148"]
[EventDate "2010.05.22"]
[EventType "swiss"]
[EventRounds "6"]
[EventCountry "CAN"]

1. d4 Nf6 2. Nf3 g6 3. g3 Bg7 4. Bg2 O-O 5. O-O d5 6. Nbd2 Re8 7. c4 c6 8. b3
Ne4 9. Bb2 Bf5 10. Nh4 Nxd2 11. Qxd2 Bc8 12. Rad1 a5 13. e4 dxe4 14. Bxe4 Bh3
15. Rfe1 Nd7 16. f4 Nf6 17. Bh1 Qb6 18. Ba3 Bg4 19. Rc1 Rad8 20. Bb2 Qa7 21.
Bf3 h5 22. Kg2 Nh7 23. h3 Bxf3+ 24. Nxf3 a4 25. Ne5 axb3 26. axb3 e6 27. Qe3
Qb6 28. Ra1 Qc7 29. g4 Nf6 30. g5 Nd7 31. b4 Nb6 32. Qb3 Nc8 33. c5 Ne7 34. b5
Nf5 35. Re4 Ra8 36. b6 Qb8 37. Ree1 Rxa1 38. Rxa1 Rd8 39. Qa4 Bxe5 40. fxe5 Qc8
41. Kf2 Qd7 42. Qc4 Qe7 43. Rg1 Ra8 44. Kf3 Qd8 45. Kf4 Qd5 46. Qxd5 exd5 47.
Ra1 Rxa1 48. Bxa1 Kf8 49. Bc3 Ke7 50. Bb2 Ke6 51. Bc3 Ng7 52. Be1 Ke7 53. Bc3
Ne6+ 54. Ke3 Nxg5 55. h4 Nh7 56. Kf4 Ke6 57. Bb2 f6 58. Bc3 g5+ 59. Kg3 fxe5
60. dxe5 gxh4+ 61. Kxh4 Nf8 62. Kxh5 Nd7 63. Bd4 Nxe5 64. Bf2 Kf5 65. Kh4 Ke4
66. Kg5 Nd7 67. Kg6 d4 68. Kf7 Nxc5 69. Ke7 Na4 70. Kd7 Nxb6+ 71. Kc7 Nd5+ 72.
Kxb7 c5 73. Kc6 c4 74. Kc5 d3 0-1

[Event "Ontario op"]
[Site "Toronto CAN"]
[Date "2010.05.23"]
[Round "4"]
[White "Sapozhnikov, Roman"]
[Black "Smith, Bryan"]
[Result "1/2-1/2"]
[WhiteElo "2436"]
[BlackElo "2296"]
[PlyCount "37"]
[EventDate "2010.05.22"]
[EventType "swiss"]
[EventRounds "6"]
[EventCountry "CAN"]

1. e4 c5 2. Nf3 d6 3. d4 cxd4 4. Nxd4 Nf6 5. Nc3 g6 6. Be3 Bg7 7. f3 O-O 8. Qd2
Nc6 9. O-O-O d5 10. exd5 Nxd5 11. Nxc6 bxc6 12. Bd4 Bxd4 13. Qxd4 Qb6 14. Na4
Qa5 15. b3 Qc7 16. Bc4 Rd8 17. g4 e5 18. Qc5 Be6 19. Rhe1 1/2-1/2

[Event "Ontario op"]
[Site "Toronto CAN"]
[Date "2010.05.23"]
[Round "4"]
[White "Southam, David"]
[Black "Aronov, Yuri"]
[Result "0-1"]
[WhiteElo "2119"]
[BlackElo "2266"]
[PlyCount "50"]
[EventDate "2010.05.22"]
[EventType "swiss"]
[EventRounds "6"]
[EventCountry "CAN"]

1. d4 Nf6 2. c4 g6 3. Nc3 Bg7 4. e4 d6 5. f3 O-O 6. Be3 c5 7. Nge2 Qa5 8. Qd2
Nc6 9. O-O-O a6 10. Kb1 e6 11. Bh6 b5 12. Bxg7 Kxg7 13. h4 b4 14. e5 dxe5 15.
dxe5 Nxe5 16. Qf4 Nxc4 17. h5 Na3+ 18. bxa3 bxc3 19. h6+ Kg8 20. Qxf6 Qb5+ 21.
Kc2 Qb2+ 22. Kd3 c2 23. Qxb2 cxd1=Q+ 24. Ke3 f6 25. Qb6 Qd5 0-1

[Event "Ontario op"]
[Site "Toronto CAN"]
[Date "2010.05.23"]
[Round "4"]
[White "Tang, Leslie"]
[Black "Florea, Alexandru"]
[Result "1/2-1/2"]
[WhiteElo "1612"]
[BlackElo "2050"]
[PlyCount "90"]
[EventDate "2010.05.22"]
[EventType "swiss"]
[EventRounds "6"]
[EventCountry "CAN"]

1. e4 c5 2. f4 d6 3. Nf3 Nc6 4. Bc4 g6 5. O-O Bg7 6. c3 Bg4 7. Bxf7+ Kxf7 8.
Ng5+ Ke8 9. Qxg4 Nh6 10. Qg3 Qd7 11. h3 Kd8 12. d3 Kc7 13. Na3 a6 14. Bd2 e6
15. Rae1 Rae8 16. Nc4 b5 17. Ne3 Kb7 18. Rf3 d5 19. Qf2 d4 20. Nc2 Nf7 21. Nxf7
Qxf7 22. e5 Qd7 23. cxd4 cxd4 24. Qe2 Bf8 25. Qe4 Kb6 26. a3 a5 27. b4 a4 28.
Rc1 Be7 29. Rff1 Rc8 30. Be1 Rhd8 31. Bf2 Rc7 32. Kh1 g5 33. Qxh7 gxf4 34. Qe4
Bg5 35. Bg1 f3 36. Rce1 Bd2 37. Rd1 fxg2+ 38. Qxg2 Bc3 39. Qe4 Qd5 40. Qxd5
Rxd5 41. Rf6 Rh7 42. Rxe6 Rxh3+ 43. Kg2 Rh5 44. Rc1 Kb7 45. Bh2 Nxe5 1/2-1/2

[Event "Ontario op"]
[Site "Toronto CAN"]
[Date "2010.05.23"]
[Round "4"]
[White "Tonakanian, Stephan"]
[Black "Kleinman, Michael"]
[Result "0-1"]
[WhiteElo "2008"]
[BlackElo "2232"]
[PlyCount "59"]
[EventDate "2010.05.22"]
[EventType "swiss"]
[EventRounds "6"]
[EventCountry "CAN"]

1. d4 Nf6 2. Nf3 g6 3. g3 Bg7 4. Bg2 O-O 5. c4 d5 6. O-O dxc4 7. Nc3 c5 8. d5
Nbd7 9. e4 Ng4 10. Qc2 Nde5 11. Nxe5 Nxe5 12. Bg5 h6 13. Be3 Nd3 14. Rab1 Qa5
15. Na4 Bd7 16. b3 Rfc8 17. Nxc5 Nxc5 18. b4 Qa4 19. Qxc4 Bb5 20. Qxc5 Rxc5 21.
Bxc5 Bxf1 22. Rxf1 Bf8 23. e5 Rd8 24. d6 exd6 25. exd6 Bxd6 26. Bxb7 Bxc5 27.
bxc5 Rd1 28. c6 Rxf1+ 29. Kxf1 Qxa2 30. Kg2 0-1

[Event "Ontario op"]
[Site "Toronto CAN"]
[Date "2010.05.23"]
[Round "4"]
[White "Wight, Keith"]
[Black "Kryvoruchko, Yuriy"]
[Result "0-1"]
[WhiteElo "1975"]
[BlackElo "2174"]
[PlyCount "80"]
[EventDate "2010.05.22"]
[EventType "swiss"]
[EventRounds "6"]
[EventCountry "CAN"]

1. e4 c5 2. Nf3 d6 3. d4 cxd4 4. Nxd4 Nf6 5. Nc3 a6 6. Be3 e5 7. Nb3 Be6 8. f3
Be7 9. Qd2 O-O 10. O-O-O Nbd7 11. g4 b5 12. g5 b4 13. Ne2 Ne8 14. h4 a5 15. Kb1
Nc7 16. h5 d5 17. g6 fxg6 18. hxg6 hxg6 19. Bg2 a4 20. Nbc1 d4 21. Bf2 g5 22.
Bg3 b3 23. cxb3 axb3 24. axb3 Na6 25. Bxe5 Nxe5 26. Nxd4 Nb4 27. Bh3 Bxh3 28.
Rxh3 Qa5 29. Nc2 Nxc2 30. Qd5+ Qxd5 31. Rxd5 Nc6 32. Nd3 N2b4 33. Nxb4 Nxb4 34.
Rd7 Bf6 35. Rh1 Ra2 36. Rh2 Rfa8 37. Kc1 Be5 38. Rg2 Bf4+ 39. Kd1 Ra1+ 40. Ke2
R8a2 0-1

[Event "Ontario op"]
[Site "Toronto CAN"]
[Date "2010.05.24"]
[Round "5"]
[White "Drkulec, Vladimir"]
[Black "Itkin, David"]
[Result "1/2-1/2"]
[WhiteElo "2157"]
[BlackElo "1966"]
[PlyCount "75"]
[EventDate "2010.05.22"]
[EventType "swiss"]
[EventRounds "6"]
[EventCountry "CAN"]

1. d4 Nf6 2. c4 g6 3. Nc3 Bg7 4. e4 d6 5. f3 O-O 6. Be3 Nc6 7. Qd2 a6 8. Nge2
Rb8 9. Nc1 e5 10. d5 Nd4 11. N1e2 Nxe2 12. Bxe2 Bd7 13. g4 b5 14. c5 b4 15. Nd1
Bb5 16. c6 Bxe2 17. Qxe2 Ne8 18. Qxa6 f5 19. gxf5 gxf5 20. Qe2 fxe4 21. fxe4
Qh4+ 22. Bf2 Qh6 23. Rg1 Qxh2 24. Ba7 Qxe2+ 25. Kxe2 Ra8 26. Be3 Kh8 27. b3 Nf6
28. Kd3 Nxd5 29. Rxg7 Kxg7 30. exd5 Ra5 31. Kc4 Rfa8 32. Nf2 Rxa2 33. Rg1+ Kf7
34. Rh1 Kg7 35. Kxb4 Rc2 36. Rg1+ Kf7 37. Ne4 Rb8+ 38. Ka3 1/2-1/2

[Event "Ontario op"]
[Site "Toronto CAN"]
[Date "2010.05.24"]
[Round "5"]
[White "Filipovich, David"]
[Black "Orlova, Yelizaveta"]
[Result "1/2-1/2"]
[WhiteElo "2226"]
[BlackElo "2028"]
[PlyCount "55"]
[EventDate "2010.05.22"]
[EventType "swiss"]
[EventRounds "6"]
[EventCountry "CAN"]

1. Nf3 c5 2. g3 g6 3. Bg2 Bg7 4. c4 Nc6 5. Nc3 Nf6 6. O-O O-O 7. d4 cxd4 8.
Nxd4 Nxd4 9. Qxd4 d6 10. Qd3 Rb8 11. e4 Bd7 12. Be3 a6 13. h3 b5 14. cxb5 axb5
15. Ba7 Rb7 16. Bd4 Bc6 17. Rfe1 Nd7 18. Bxg7 Kxg7 19. Nd5 f6 20. Nb4 Ne5 21.
Nxc6 Nxd3 22. Nxd8 Rxd8 23. Re2 Ra7 24. Rd1 Nc5 25. a3 Rb8 26. f4 b4 27. axb4
Rxb4 28. e5 1/2-1/2